000 00797nab a2200241 u 4500
001 13637
003 HDC
007 cr bn ---aaaaa
008 210213c 0630my dr|nes 0 |0eng
040 _aHDC
245 0 _aIndonesian Halal Products Gain Interests in International Expo
260 _a[no place] :
_b[publisher not identified],
_c[no year]
336 _atext
_2rdacontent
337 _acomputer
_2rdamedia
338 _aonline resource
_2rdacarrier
650 _aHalal product
_948
650 _aInternational Expo
_914374
710 _aTempo.Co
856 _zRequest full-text at [email protected]
942 _2lcc
942 _cNEWS
942 _kNWSO 002915
999 _c10953
_d10953